[Event "Sabadell Otero Memorial"]
[Site "Sabadell"]
[Date "2023.05.05"]
[Round "4"]
[White "Aleksanyan Israelyan, Nicolas"]
[Black "Campos Gonzalez, Ivan"]
[Result "1-0"]
[WhiteElo "1885"]
[BlackElo "1588"]
[PlyCount "139"]
[EventDate "2023.04.14"]
[EventType "swiss"]
[EventRounds "8"]
[EventCountry "ESP"]
[SourceTitle "EXT 2024"]
[Source "ChessBase"]
[SourceDate "2023.10.10"]
[SourceVersion "1"]
[SourceVersionDate "2023.10.10"]
[SourceQuality "1"]

1. e4 e5 2. Nf3 Nc6 3. Bc4 Nf6 4. Ng5 Bc5 5. Nxf7 Bxf2+ 6. Kf1 Qe7 7. Nxh8 d5 8. exd5 Nd4 9. Be2 Ne4 10. Bf3 Qh4 11. d3 Nd6 12. Bg5 Qxg5 13. Kxf2 N6f5 14. Re1 Qh4+ 15. Kg1 Nxf3+ 16. gxf3 Qd4+ 17. Kh1 Qxd5 18. Qe2 Be6 19. Nc3 Qc6 20. Qe4 Nd4 21. Qxc6+ Nxc6 22. f4 Ke7 23. Ng6+ hxg6 24. fxe5 Nd4 25. Rac1 b5 26. Ne4 Nf5 27. a3 Bd5 28. Kg1 Rh8 29. c4 bxc4 30. dxc4 Bc6 31. Nc3 Nd4 32. Nd5+ Bxd5 33. cxd5 Nf3+ 34. Kg2 Nxe1+ 35. Rxe1 Rb8 36. Re2 Rb3 37. Rd2 Re3 38. e6 Kd6 39. Rc2 Re5 40. Rc6+ Kxd5 41. Rxc7 Rxe6 42. Kf3 Rb6 43. b4 Ra6 44. Rc3 Re6 45. Rc5+ Kd4 46. Ra5 Re7 47. Kf4 Rf7+ 48. Kg5 Rf6 49. Rxa7 Rf2 50. Kxg6 Rxh2 51. Kxg7 Kc4 52. Ra5 Rb2 53. Kf7 Rf2+ 54. Ke6 Re2+ 55. Kf5 Rh2 56. Kf4 Rh3 57. Ra7 Rh5 58. Rg7 Rh3 59. Rg3 Rh7 60. Ke3 Ra7 61. Kd2 Rd7+ 62. Kc2 Rh7 63. Rc3+ Kb5 64. Kb3 Rd7 65. a4+ Kb6 66. a5+ Ka6 67. Rc6+ Kb5 68. Rc5+ Ka6 69. Kc4 Rc7 70. b5+ 1-0